Sports Quiz

Random Sports or NHL Quiz

Which of the Two... Sports Teams Quiz Stats

 Plays Quiz Updated Feb 20, 2016

Challenge
Share
Tweet
Embed
Score 0/24 Timer 06:00
2 Plays Today
Which sports team... A or B % Correct
...owes its name to the year of a Gold Rush?
(A) San Francisco 49ers or (B) Philadelphia 76ers
???
90.6%
...was the only NBA team that Magic Johnson played for?
(A) Los Angeles Lakers or (B) Miami Heat
???
90.5%
...is Pittsburgh's current NHL team?
(A) Pittsburgh Pirates or (B) Pittsburgh Penguins
???
89.4%
...has appeared in more MLB World Series championships?
(A) St. Louis Cardinals or (B) New York Yankees
???
86.9%
...was Michael Jordan's first NBA team?
(A) Washington Wizards or (B) Chicago Bulls
???
85.6%
...is owned by ''Shark Tank'' investor Mark Cuban?
(A) Dallas Cowboys or (B) Dallas Mavericks
???
84.1%
...was first to start an African American baseball player?
(A) Cleveland Indians or (B) Brooklyn Dodgers
???
83.2%
...was supposedly under the ''Curse of the Billy Goat'' for 71 years?
(A) Chicago Cubs or (B) Chicago White Sox
???
81.9%
...did David Beckham play for from 1992-2003?
(A) Arsenal F.C. or (B) Manchester United F.C.
???
81.7%
...plays NHL at Air Canada Centre?
(A) Toronto Maple Leafs or (B) Ottawa Senators
???
80.2%
...has appeared in four consecutive Super Bowl games?
(A) Buffalo Bills or (B) Miami Dolphins
???
79.7%
...did Babe Ruth belong to for more years?
(A) Boston Red Sox or (B) New York Yankees
???
78.6%
Which sports team... A or B % Correct
...has won more Stanley Cups?
(A) New York Rangers or (B) Detroit Red Wings
???
76.1%
...is the only NBA Pacific Division team outside California?
(A) Phoenix Suns or (B) Utah Jazz
???
72.2%
...did Wayne Gretzky play for in his final season?
(A) Edmonton Oilers or (B) New York Rangers
???
71%
...has won the most FIFA World Cup titles?
(A) Germany or (B) Brazil
???
71%
...did Sachin Tendulkar play cricket for?
(A) India or (B) South Africa
???
70.4%
...has played at Stamford Bridge Stadium since 1905?
(A) Chelsea F.C. or (B) Liverpool F.C.
???
63.4%
...was a charter member of the NHL in 1917?
(A) Montreal Canadiens or (B) Boston Bruins
???
61.7%
...hosted and won the MLB's first night game in 1935?
(A) Cincinnati Reds or (B) Philadelphia Phillies
???
59.3%
...plays at the oldest (operational) MLB ballpark stadium?
(A) Chicago Cubs or (B) Boston Red Sox
???
52.1%
...won the 1968 ''Heidi Bowl''?
(A) New York Jets or (B) Oakland Raiders
???
49.3%
...won the first Test match in cricket in 1877?
(A) Australia or (B) England
???
43.5%
...is the oldest continuously-run professional US football team?
(A) Cardinals or (B) Bears
???
31.2%

You're not logged in!

Compare scores with friends on all Sporcle quizzes.
Join for Free
OR
Log In

You Might Also Like...

Show Comments

Extras

Top Quizzes Today


Score Distribution

Your Account Isn't Verified!

In order to create a playlist on Sporcle, you need to verify the email address you used during registration. Go to your Sporcle Settings to finish the process.

Report this User

Report this user for behavior that violates our Community Guidelines.

Details: